000 00395nam a2200169Ia 4500
008 230524s9999 xx 000 0 und d
020 _a978071072564
082 _a621.8
_bRAT
100 _aS.S.Rattan
245 0 _aStrength of Materials
250 _a2
260 _aNew Delhi
_bMGH
_c2011
300 _a"xiii,734p;"
500 _aQuantity Number: 50
650 _aMechanics
942 _cBK
999 _c52020
_d52020